Statistics for Three Real and One Fake - General Knowledge

Click here to take the quiz!

General Stats

  • This quiz has been taken 22,300 times
  • The average score is 8 of 15

Answer Stats

QuestionAnswer% Correct
Character from "The Lord of the Rings"Dumbledore
86%
FruitsGrassfruit
85%
Musical instrumentsClavicle
72%
MammalsBaobab
70%
Vice Presidents of the United StatesJohn F. Kennedy
60%
Elements of the Periodic TableTeslium
60%
Types of shipsJalopy
55%
Hit songs of the 1980sI Don't Want to Miss a Thing
50%
SportsWham-O
50%
Period or epoch of the Geologic time scaleMessianic
48%
Canadian islandsLabrador
36%
Car partsGear socket
35%
Paintings by Picasso
33%
Brazilian soccer starsPepita
33%
Gemstone cutsBridal
23%

Score Distribution

Percentile by Number Answered

Percent of People with Each Score

Your Score History

You have not taken this quiz